000 00506nam a22001817a 4500
003 OSt
005 20250519125850.0
008 250519b |||||||| |||| 00| 0 eng d
020 _a978-93-5482-187-5
040 _cSBCL
082 _a894.8123
_bPUT-P
100 _aPuthuppanam,Bineesh
245 _aPremanagaram
260 _aKottayam
_bDC Books
_c2025
300 _a152p.
650 _2Literature & rhetoric
_aLiteratures of other languages
_vAltaic, Uralic, Hyperborean & Dravidian
942 _cBOOK
999 _c136919
_d136919